Idioma del Invierno /

Gespeichert in:
Bibliographische Detailangaben
1. Verfasser: Naranjo, Carmen 1928-
Format: Unbekannt
Sprache:Spanish
Veröffentlicht: San José, Costa Rica: Ediciones Conciencia Negra, [1970?]
Schlagworte:
Tags: Tag hinzufügen
Keine Tags, Fügen Sie den ersten Tag hinzu!

MARC

LEADER 000000000a22000000004500
001 000455
008 140618q1970 cr |||f |||| 00| p spa d
041 0 |a español 
082 |a CR861.44   |b N218-i 
100 1 |a Naranjo, Carmen  |d 1928- 
245 1 0 |a Idioma del Invierno /  |c Carmen Naranjo 
260 |a San José, Costa Rica:   |b Ediciones Conciencia Negra,   |c [1970?] 
300 |a 43 páginas 
500 |a Número de inscripción 00293 
650 4 |a LITERATURA COSTARRICENSE  |v POESIA  |9 171 
942 |2 ddc  |c BK 
999 |c 1249  |d 1249